000 01103nas a2200289 4500
001 BR8603121
003 BR-BrBNA
005 20231205090524.0
007 ta
008 230509b bl.|||p| |||| 00| 00por d
040 _aBR-BrBNA
_bpor
_cBiblioteca Nacional de Agricultura
041 _a(Pt)
072 _aH10
100 1 _aFraga, A.I.A.
100 1 _aBerti Filho, E.
100 1 _aCiociola, A.I.
245 1 _aNota sobre a ocorrencia de Eupalea reinhardti Crotch. (Coleoptera, Coccinellidae)atacando Psylla sp. (Homoptera, Psyllidae)em sibipiruna (Caesalpinia pelthophoroides Benth.)
246 1 _a[Note on the occurrence of Eupalea reinhardti Crotch. (Coleoptera, Coccinellidae)damaging Psylla sp. (Homoptera, Psyllidae)in Caesalpinia pelthophoroides Benth.]
650 _aSIBIPIRUNA
650 _aHOMOPTERO
650 _aCOLEOPTERO
650 _aCONTROLE BIOLOGICO
650 _aINSETO PARA CONTROLE BIOLOGICO
773 0 _tRevista de Agricultura (Brazil)
_xISSN 0034-7655
_g(Jun 1986), v. 61(1) p. 92
_wBR8603121
909 _a202311
_bLúcia
_c55
_dLúcia Elande
942 _2AGRIS
_n0
_cANA
999 _c119027
_d119027